000 00931nam a2200265Ia 4500
003 OSt
005 20221005103951.0
006 a|||||r|||| 00| 0
007 ta
008 221004b |||||||| |||| 00| 0 hin d
020 _a9788179171097 (hbk)
_c2125
024 _a88544
037 _b458, 25/03/2008, Swaraj Prakashan
_cTextual
040 _aCRL
_cCRL
_bhin
041 _2hin
_ahin
082 _aV58xM70, 152P8
100 _aलेनिन, वी आई
245 0 _aक्या करें?, अनु0 इंदु भारती
246 _aKyā karean?, anu0 iandu bhāratī
260 _aदिल्ली
_bग्रंथ शिल्पी भारत
_c2008
300 _a225पृ0
_ccm.
650 _aविश्व-इतिहास
942 _hV58xM70, 152P8
_cTEXL
_2cc
999 _c1011397
_d1011397